Visuté záhrady parkovacieho domu

Bibliographic Details
Main Author: Salvová, Anna (Author)
Format: Article
Language:Slovak
PhysicalDescription:Fotogr., obr.
ISSN:1335-1230
Subjects:

MARC

LEADER 00000nab a2200000 a 4500
001 vtls009528307
003 SK-MaSNL
005 20260303060648.0
008 140328c2009 xo zr|p|||||||000 b|slo
015 |a SNBRB2009/06  |2 snkbucl 
038 |a SNKBUCL 
040 |a SNKBUCL  |b slo  |c SNKBUCL  |e AACR2 
041 0 |a slo  |b eng 
044 |a xo  |c SK 
080 |a 728.2:725.381  |x (437.6)  |2 2001 
080 |a 725.381  |x (437.6)  |2 2001 
100 1 |a Salvová, Anna  |4 aut  |9 364933 
245 1 0 |a Visuté záhrady parkovacieho domu  |c Anna Salvová 
300 |b Fotogr., obr. 
500 |a Architekt: Jakob Lange, Bjarke Ingels 
546 |a Res. angl. 
610 2 7 |a Mountain Dwellings (Kodaň, Dánsko)  |x architektúra  |2 snkbucl  |9 1053801 
650 0 7 |a bytové domy  |2 snkbucl  |9 31781 
650 0 7 |a parkovacie domy  |2 snkbucl  |9 1051283 
773 0 |t ASB  |g Roč. XVI, č. 5 (2009), s. 32-36  |x 1335-1230 
852 |a SNK  |b KIS3GCP 
958 |a DK 
999 |c 1732313  |d 1734243